000 01541nam a2200397 i 4500
001 89142
003 FINmELB
005 20241217171714.0
006 m o d |
007 cr cnu||||||||
008 211230s2021 sp o 001 0 spa d
020 _a9783968692302
_q(e-book)
020 _a9788491922537
_q(print)
035 _a(OCoLC)1342050613
040 _aFINmELB
_bspa
_erda
_cFINmELB
050 4 _aP323
_bS669 2021
080 _a81`373.2
082 0 4 _a929.97
_223
100 1 _aSánchez García, Encarnación,
_eautor.
245 1 0 _aNombres y hombres :
_bonomástica de los personajes y significación del diálogo de la lengua /
_cEncarnación Sánchez García.
264 1 _aEspaña :
_bEditorial Iberoamericana / Vervuert,
_c2021.
300 _a1 recurso en línea (310 páginas)
336 _atexto
_btxt
_2rdacontent/spa
337 _acomputadora
_bc
_2rdamedia/spa
338 _arecurso en línea
_bcr
_2rdacarrier/spa
490 1 _aBiblioteca Áurea Hispánica ;
_v147
500 _aIncluye índice.
588 _aDescripción basada en metadatos suministrados por el editor y otras fuentes.
590 _aRecurso electrónico. Santa Fe, Arg.: elibro, 2021. Disponible vía World Wide Web. El acceso puede estar limitado para las bibliotecas afiliadas a elibro.
650 0 _aOnomastics.
650 4 _aOnomástica.
655 4 _aLibros electrónicos.
797 2 _aelibro, Corp.
830 0 _aBiblioteca Áurea Hispánica ;
_v147.
856 4 0 _uhttps://elibro.net/ereader/politecnicointernacional/197571
999 _c89142
_d89142